Control system engineering / (Record no. 375)

000 -LEADER
fixed length control field 00415 a2200157 4500
008 - FIXED-LENGTH DATA ELEMENTS--GENERAL INFORMATION
fixed length control field 221025b ||||| |||| 00| 0 eng d
020 ## - INTERNATIONAL STANDARD BOOK NUMBER
International Standard Book Number 9788126537280
082 00 - DEWEY DECIMAL CLASSIFICATION NUMBER
Classification number 629.8
Item number N724
100 ## - MAIN ENTRY--PERSONAL NAME
Personal name Nise, Norman S.
245 ## - TITLE STATEMENT
Title Control system engineering /
250 ## - EDITION STATEMENT
Edition statement 6th ed.
260 ## - PUBLICATION, DISTRIBUTION, ETC. (IMPRINT)
Place of publication, distribution, etc New Delhi:
Name of publisher, distributor, etc Wiley India,
Date of publication, distribution, etc 2016.
300 ## - PHYSICAL DESCRIPTION
Extent xvi, 926 p.
650 #0 - SUBJECT ADDED ENTRY--TOPICAL TERM
Topical term or geographic name as entry element Systems engineering
942 ## - ADDED ENTRY ELEMENTS (KOHA)
Source of classification or shelving scheme
Item type Books
Holdings
Withdrawn status Lost status Source of classification or shelving scheme Damaged status Not for loan Permanent location Current location Date acquired Source of acquisition Cost, normal purchase price Full call number Barcode Date last seen Cost, replacement price Koha item type Total Checkouts Date last borrowed
          IMU Kolkata IMU Kolkata 2017-03-30 Shankars Book Agency 503.20 629.8 N724 12309 2019-09-24 629.00 Books    
          IMU Kolkata IMU Kolkata 2017-03-30 Shankars Book Agency 663.20 629.8 N724 12310 2019-09-26 829.00 Books    
          IMU Kolkata IMU Kolkata 2017-03-30 Shankars Book Agency 663.20 629.8 N724 12311 2022-09-30 829.00 Books 1 2022-09-08
          IMU Kolkata IMU Kolkata 2017-03-30 Shankars Book Agency 663.20 629.8 N724 12312 2019-09-26 829.00 Books    
          IMU Kolkata IMU Kolkata 2017-03-03 Shankars Book Agency 663.20 629.8 N724 11974 2019-09-26 829.00 Books    
Designed and Maintained by IMU-KC Library, Kolkata Campus © Copyright All Rights Reserved

webs counters

Powered by Koha